[Event "29. Torneo Collado Villalba 2012 - B"]
[Site "Collado Villalba ESP"]
[Date "2012.08.25"]
[Round "2.34"]
[White "Buergo Villanueva, Fernando"]
[Black "De Dompablo Fantova, Juan"]
[Result "0-1"]
[WhiteElo "1292"]
[BlackElo "1669"]
[PlyCount "102"]
[EventDate "2012.08.24"]
[EventType "swiss"]
[EventRounds "9"]
[EventCountry "ESP"]
[Source "lmi"]
[SourceDate "2012.08.24"]

1. e4 c5 2. Nc3 d6 3. d4 cxd4 4. Qxd4 Nc6 5. Bb5 Bd7 6. Bxc6 Bxc6 7. Be3 Nf6 8.
f3 Qa5 9. Nge2 g6 10. O-O Bg7 11. Bd2 Qc7 12. Qc4 Rc8 13. Rfe1 O-O 14. Nd5 Bxd5
15. Qxc7 Rxc7 16. exd5 Rxc2 17. Bc3 Nxd5 18. Bxg7 Kxg7 19. Rab1 Rfc8 20. Nd4
Rd2 21. Nb3 Rdc2 22. Nd4 R2c4 23. Nb3 Kf8 24. h4 Rxh4 25. Rbc1 Rhc4 26. Rxc4
Rxc4 27. Na5 Rc7 28. Rd1 Nf4 29. Nb3 Rc2 30. Rd2 Rxd2 31. Nxd2 d5 32. g3 Nd3
33. b3 e6 34. a4 Ke7 35. f4 Kd6 36. Kf1 e5 37. Ke2 Nb4 38. Nf3 f6 39. fxe5+
fxe5 40. Ng5 h5 41. Nf7+ Ke6 42. Nd8+ Kf5 43. Nxb7 Kg4 44. Kf2 e4 45. Nc5 e3+
46. Kxe3 Kxg3 47. Ne6 h4 48. Nf4 d4+ 49. Ke4 d3 50. Nxd3 Nxd3 51. Kxd3 h3 0-1

[Event "29. Torneo Collado Villalba 2012 - B"]
[Site "Collado Villalba ESP"]
[Date "2012.08.26"]
[Round "3.1"]
[White "Tirado Parra, Alberto"]
[Black "Alvarez Escudero, Manuel"]
[Result "1-0"]
[WhiteElo "1929"]
[BlackElo "1826"]
[PlyCount "71"]
[EventDate "2012.08.24"]
[EventType "swiss"]
[EventRounds "9"]
[EventCountry "ESP"]
[Source "lmi"]
[SourceDate "2012.08.24"]

1. a3 e5 2. c4 Nf6 3. Nc3 d5 4. cxd5 Nxd5 5. Nf3 Nc6 6. e3 a6 7. Qc2 Nxc3 8.
bxc3 Bd6 9. d4 exd4 10. cxd4 O-O 11. Bd3 h6 12. h3 Qf6 13. Bb2 Re8 14. Rd1 Qe7
15. Qc3 Bd7 16. O-O Rad8 17. e4 Bf4 18. Rfe1 Bc8 19. Bf1 f6 20. g3 Bd6 21. Nh4
Qd7 22. Qb3+ Kh7 23. e5 fxe5 24. dxe5 Qe6 25. Bd3+ g6 26. Bxg6+ Kg8 27. Qxe6+
Rxe6 28. exd6 cxd6 29. Bf5 Rxe1+ 30. Rxe1 Bxf5 31. Nxf5 Kh7 32. Re6 Ne5 33.
Rxh6+ Kg8 34. f4 Nf7 35. Rg6+ Kf8 36. Bg7+ 1-0

[Event "29. Torneo Collado Villalba 2012 - B"]
[Site "Collado Villalba ESP"]
[Date "2012.08.26"]
[Round "3.2"]
[White "Ruiz Escobar, Israel"]
[Black "Minguela Muñoz, Bienvenido"]
[Result "0-1"]
[WhiteElo "1791"]
[BlackElo "1880"]
[PlyCount "122"]
[EventDate "2012.08.24"]
[EventType "swiss"]
[EventRounds "9"]
[EventCountry "ESP"]
[Source "lmi"]
[SourceDate "2012.08.24"]

1. d4 d5 2. Bf4 Nf6 3. Nf3 Nbd7 4. e3 Ne4 5. Nbd2 Ndf6 6. h3 e6 7. Bd3 c5 8. c3
Qb6 9. Qb3 Qa5 10. Bb5+ Kd8 11. Be2 c4 12. Qc2 Bd6 13. Ne5 Bxe5 14. dxe5 Nxd2
15. Qxd2 Ne4 16. Qd4 Bd7 17. O-O Rc8 18. Rfc1 Qb6 19. Rab1 Nc5 20. b4 Na4 21.
Qxb6+ Nxb6 22. Rb2 h6 23. h4 a6 24. Rd2 Ke7 25. Rd4 Rhg8 26. h5 Ba4 27. Kh2 g5
28. Bg3 Nd7 29. e4 Bc6 30. exd5 Bxd5 31. a4 Nb6 32. a5 Nd7 33. Rcd1 f5 34. f3
f4 35. Bf2 Nxe5 36. Rb1 Nc6 37. Rd2 Kf6 38. Re1 Rge8 39. Bd1 Ne7 40. Bc2 Nf5
41. Bxf5 Kxf5 42. g4+ Kf6 43. Bd4+ e5 44. Bb6 Bxf3 45. Rd7 Re7 46. Rd6+ Re6 47.
Rd7 Bxg4 48. Rh7 Kf5 49. Rf7+ Rf6 50. Re7 Bxh5 51. R7xe5+ Kg6 52. Re7 Bf3 53.
Bd4 Rd6 54. Rg7+ Kh5 55. Kg1 Rg6 56. Rge7 Bc6 57. Kf2 Rgg8 58. R1e5 Rce8 59. b5
Rxe7 60. Rxe7 axb5 61. Re6 Re8 0-1

[Event "29. Torneo Collado Villalba 2012 - B"]
[Site "Collado Villalba ESP"]
[Date "2012.08.26"]
[Round "3.3"]
[White "Ruiz De Alegria Madariaga, Carlos"]
[Black "Galan Aguado, Fernando"]
[Result "1/2-1/2"]
[WhiteElo "1879"]
[BlackElo "1820"]
[PlyCount "72"]
[EventDate "2012.08.24"]
[EventType "swiss"]
[EventRounds "9"]
[EventCountry "ESP"]
[Source "lmi"]
[SourceDate "2012.08.24"]

1. d4 e6 2. e4 d5 3. exd5 exd5 4. Bd3 Bd6 5. Nf3 Ne7 6. O-O Bf5 7. Bxf5 Nxf5 8.
Re1+ Ne7 9. Bg5 O-O 10. Qe2 f6 11. Bh4 Qd7 12. c4 dxc4 13. Qxc4+ Rf7 14. Nc3 c6
15. Ne5 fxe5 16. dxe5 Bxe5 17. Rxe5 Ng6 18. Re4 Na6 19. Bg3 Rd8 20. h4 b5 21.
Qe6 Nc5 22. Qxd7 Rfxd7 23. Re2 Rd2 24. Rae1 Rxe2 25. Rxe2 Kf7 26. h5 Ne7 27. b4
Ne6 28. Be5 Rd3 29. Ne4 Nf5 30. f4 h6 31. Kf2 Ned4 32. Re1 Nc2 33. Rc1 Nxb4 34.
g4 Nd4 35. Nd6+ Ke6 36. Ne8 Rd2+ 1/2-1/2

[Event "29. Torneo Collado Villalba 2012 - B"]
[Site "Collado Villalba ESP"]
[Date "2012.08.26"]
[Round "3.4"]
[White "Garcia Burguillo, Javier"]
[Black "Juberias Guillen, Paloma"]
[Result "1/2-1/2"]
[WhiteElo "1850"]
[BlackElo "1788"]
[PlyCount "45"]
[EventDate "2012.08.24"]
[EventType "swiss"]
[EventRounds "9"]
[EventCountry "ESP"]
[Source "lmi"]
[SourceDate "2012.08.24"]

1. e4 c6 2. d4 d5 3. e5 Bf5 4. Nf3 e6 5. Be2 Nd7 6. O-O c5 7. Nc3 Ne7 8. Be3
cxd4 9. Nb5 Nc6 10. Nbxd4 Bg6 11. Bb5 Qc7 12. c3 Be7 13. Ba4 a6 14. Nxc6 bxc6
15. Nd4 Nxe5 16. Bf4 O-O 17. Nxc6 Bd6 18. Nxe5 Bxe5 19. Bxe5 Qxe5 20. Bc2 Bh5
21. Qd3 Bg6 22. Qd1 Bh5 23. Qd3 1/2-1/2

[Event "29. Torneo Collado Villalba 2012 - B"]
[Site "Collado Villalba ESP"]
[Date "2012.08.26"]
[Round "3.5"]
[White "Tevar Sanz, Gonzalo"]
[Black "Neila Ausin, Eva"]
[Result "1-0"]
[WhiteElo "1849"]
[BlackElo "1738"]
[PlyCount "27"]
[EventDate "2012.08.24"]
[EventType "swiss"]
[EventRounds "9"]
[EventCountry "ESP"]
[Source "lmi"]
[SourceDate "2012.08.24"]

1. d4 d5 2. Bf4 Nf6 3. e3 e6 4. Nf3 c6 5. Nbd2 Nbd7 6. Bd3 Bb4 7. c3 Be7 8. Ne5
a6 9. Ndf3 O-O 10. Ng5 c5 11. Qf3 b5 12. Qh3 g6 13. Nxe6 fxe6 14. Qxe6+ 1-0

[Event "29. Torneo Collado Villalba 2012 - B"]
[Site "Collado Villalba ESP"]
[Date "2012.08.26"]
[Round "3.6"]
[White "Carrasco Espasandin, Pablo"]
[Black "Garcia Serrano, Jose Manuel"]
[Result "0-1"]
[WhiteElo "1743"]
[BlackElo "1912"]
[PlyCount "98"]
[EventDate "2012.08.24"]
[EventType "swiss"]
[EventRounds "9"]
[EventCountry "ESP"]
[Source "lmi"]
[SourceDate "2012.08.24"]

1. d4 d5 2. Nf3 Nc6 3. e3 a6 4. c3 Nf6 5. Bd3 Bg4 6. Nbd2 e6 7. O-O Bd6 8. e4
Bf4 9. e5 Bxd2 10. Bxd2 Ne4 11. Be2 O-O 12. h3 Bh5 13. Bf4 Bxf3 14. Bxf3 Qh4
15. Bh2 Ng5 16. Bg3 Qh6 17. Qe2 Nxf3+ 18. Qxf3 Qd2 19. b3 f6 20. Rfd1 Qc2 21.
Rdc1 Qg6 22. exf6 Rxf6 23. Qe2 Raf8 24. Rf1 R8f7 25. Rae1 Qg5 26. Qe3 Qf5 27.
Qe2 Rg6 28. a3 Ne7 29. a4 Nc8 30. a5 Nd6 31. Bxd6 cxd6 32. b4 Qxh3 33. f3 Rf4
34. g4 Rfxg4+ 35. fxg4 Rxg4+ 36. Qxg4 Qxg4+ 37. Kh2 h5 38. Rg1 Qf4+ 39. Kh1
Qf3+ 40. Rg2 h4 41. Kg1 h3 42. Rf2 Qg3+ 43. Kf1 h2 44. Ke2 h1=Q 45. Rxh1 Qxc3
46. Rhf1 Qxd4 47. Rf8+ Kh7 48. Rh1+ Kg6 49. Rf2 Qe4+ 0-1

[Event "29. Torneo Collado Villalba 2012 - B"]
[Site "Collado Villalba ESP"]
[Date "2012.08.26"]
[Round "3.7"]
[White "Largo Barbero, Benito"]
[Black "Fernandez-Gallardo Romero, Alvar"]
[Result "1/2-1/2"]
[WhiteElo "1902"]
[BlackElo "1775"]
[PlyCount "49"]
[EventDate "2012.08.24"]
[EventType "swiss"]
[EventRounds "9"]
[EventCountry "ESP"]
[Source "lmi"]
[SourceDate "2012.08.24"]

1. d4 d5 2. Nf3 Nf6 3. Bf4 e6 4. e3 c5 5. c3 a6 6. Nbd2 Nc6 7. Bd3 cxd4 8. exd4
Be7 9. Rc1 O-O 10. h4 h5 11. Ng5 Bd6 12. Nh3 e5 13. dxe5 Nxe5 14. Bb1 Re8 15.
Kf1 Neg4 16. Nf3 Bxf4 17. Nxf4 Qb6 18. Nd3 Ne4 19. Qb3 Qa7 20. Qa4 Bd7 21. Qd4
b6 22. Nfe5 Bb5 23. Kg1 Bxd3 24. Nxd3 Ngf6 25. Rh3 1/2-1/2

[Event "29. Torneo Collado Villalba 2012 - B"]
[Site "Collado Villalba ESP"]
[Date "2012.08.26"]
[Round "3.8"]
[White "Diaz Begonte, Manuel"]
[Black "Rodriguez Del Pino, Daniel"]
[Result "0-1"]
[WhiteElo "1776"]
[BlackElo "1895"]
[PlyCount "144"]
[EventDate "2012.08.24"]
[EventType "swiss"]
[EventRounds "9"]
[EventCountry "ESP"]
[Source "lmi"]
[SourceDate "2012.08.24"]

1. d4 Nf6 2. Bf4 g6 3. Nc3 Bg7 4. e4 d6 5. Be2 O-O 6. g4 a6 7. h4 e5 8. dxe5
dxe5 9. Qxd8 Rxd8 10. Bxe5 Nxg4 11. Bxc7 Bxc3+ 12. bxc3 Re8 13. f3 Nf6 14. Rb1
Nc6 15. Nh3 Re7 16. Bd6 Re6 17. Bf4 Nh5 18. Bh2 Re7 19. Nf4 Nxf4 20. Bxf4 Be6
21. a4 Rc8 22. Bg5 Rd7 23. Bf6 Ne7 24. Bd3 h5 25. Kf2 Kh7 26. Rb6 Rc6 27. Rhb1
Rxb6 28. Rxb6 Nc8 29. Rb4 Nd6 30. Be5 Ne8 31. Rd4 f6 32. Bf4 Kg7 33. Rb4 Kh7
34. Ke3 Kg7 35. Rb6 Kf7 36. c4 Ng7 37. c5 f5 38. Bh6 fxe4 39. Bxe4 Nf5+ 40.
Bxf5 Bxf5 41. c6 bxc6 42. Rxc6 Ra7 43. Kd4 Ke7 44. c4 Kd7 45. Rf6 Ra8 46. c5
Ke7 47. Bg5 Kd7 48. Kd5 Bc2 49. Rf7+ Ke8 50. Re7+ Kf8 51. a5 Rd8+ 52. Kc6 Rc8+
53. Kb6 Ba4 54. Kxa6 Rxc5 55. Re6 Bc2 56. Kb6 Rc3 57. a6 Rb3+ 58. Kc7 Ra3 59.
Rb6 Bd3 60. Kb7 Be2 61. f4 Bf3+ 62. Kb8 Kg7 63. Bf6+ Kf7 64. Be5 Ke8 65. a7 Ra4
66. Bd6 Kd8 67. Be7+ Kd7 68. Rb7+ Bxb7 69. Kxb7 Rxa7+ 70. Kxa7 Kxe7 71. Ka6 Kd6
72. Ka5 Kd5 0-1

[Event "29. Torneo Collado Villalba 2012 - B"]
[Site "Collado Villalba ESP"]
[Date "2012.08.26"]
[Round "3.9"]
[White "Pimienta Sanchez, Manuel"]
[Black "Al-Zarif Zabala, Bassam"]
[Result "0-1"]
[WhiteElo "1890"]
[BlackElo "1778"]
[PlyCount "90"]
[EventDate "2012.08.24"]
[EventType "swiss"]
[EventRounds "9"]
[EventCountry "ESP"]
[Source "lmi"]
[SourceDate "2012.08.24"]

1. d4 d5 2. c4 dxc4 3. Nc3 c6 4. a4 Nf6 5. e4 e5 6. dxe5 Qxd1+ 7. Kxd1 Ng4 8.
Ke1 Nxe5 9. f4 Nd3+ 10. Bxd3 cxd3 11. Kd2 Bb4 12. Kxd3 O-O 13. Be3 Rd8+ 14. Kc2
Na6 15. Nge2 Bg4 16. h3 Bxe2 17. Nxe2 Bc5 18. Bxc5 Nxc5 19. Nc3 Ne6 20. Raf1
Nd4+ 21. Kb1 Rd7 22. Rd1 Rad8 23. g4 Ne2 24. Rxd7 Nxc3+ 25. bxc3 Rxd7 26. Kc2
Kf8 27. Rb1 Ke7 28. Rb4 c5 29. Rb5 Kd6 30. Rb1 Kc6 31. Rd1 Rxd1 32. Kxd1 c4 33.
Kd2 b5 34. axb5+ Kxb5 35. g5 f6 36. h4 fxg5 37. fxg5 Kc5 38. Ke3 a5 39. e5 a4
40. e6 Kd6 41. Kd2 Kxe6 42. Kc2 Kd5 43. Kb2 Ke4 44. Ka3 Kd3 45. Kb4 a3 0-1

[Event "29. Torneo Collado Villalba 2012 - B"]
[Site "Collado Villalba ESP"]
[Date "2012.08.26"]
[Round "3.10"]
[White "Perez Vazquez, Manuel"]
[Black "Cano Mercado, Francisco Manuel"]
[Result "1-0"]
[WhiteElo "1757"]
[BlackElo "1887"]
[PlyCount "109"]
[EventDate "2012.08.24"]
[EventType "swiss"]
[EventRounds "9"]
[EventCountry "ESP"]
[Source "lmi"]
[SourceDate "2012.08.24"]

1. d4 d5 2. c4 e6 3. Nc3 c5 4. cxd5 exd5 5. Nf3 Nc6 6. g3 Nf6 7. Bg2 Be7 8. O-O
O-O 9. Bg5 c4 10. Re1 Re8 11. h3 h6 12. Be3 Bb4 13. Bd2 a6 14. Nb1 Bf8 15. a4
Bf5 16. Bc3 Nb4 17. Na3 Ne4 18. Nd2 Qf6 19. Nxe4 Bxe4 20. Bxe4 Rxe4 21. Nc2
Nxc2 22. Qxc2 Rae8 23. Kg2 b5 24. axb5 axb5 25. e3 h5 26. Qd1 h4 27. Qf3 Qe6
28. g4 Qc6 29. Ra7 b4 30. Qxf7+ Kh8 31. Bxb4 Qf6 32. Qxf6 gxf6 33. Bxf8 Rxf8
34. Rd7 Rb8 35. Ra1 Ree8 36. Rxd5 Rxb2 37. Rc5 Rxe3 38. Rc7 Re8 39. Rxc4 Rd2
40. Ra7 Rd8 41. Rf7 Kg8 42. Rxf6 Kg7 43. Rf5 Rh8 44. d5 Rh6 45. Rcf4 Rd3 46.
Rf7+ Kg8 47. Rf8+ Kg7 48. R4f7+ Kg6 49. Rf6+ Kg7 50. R8f7+ Kg8 51. Rxh6 Kxf7
52. Rxh4 Rxd5 53. Rh5 Rd4 54. Rf5+ Kg6 55. Ra5 1-0

[Event "29. Torneo Collado Villalba 2012 - B"]
[Site "Collado Villalba ESP"]
[Date "2012.08.26"]
[Round "3.11"]
[White "Liceras Ruiz, Manuel"]
[Black "Escalante Ortega, Fernando"]
[Result "0-1"]
[WhiteElo "1736"]
[BlackElo "1867"]
[PlyCount "114"]
[EventDate "2012.08.24"]
[EventType "swiss"]
[EventRounds "9"]
[EventCountry "ESP"]
[Source "lmi"]
[SourceDate "2012.08.24"]

1. d4 c5 2. Nf3 cxd4 3. Nxd4 Nc6 4. g3 d6 5. Bg2 Bd7 6. O-O g6 7. c3 Bg7 8. Be3
Nf6 9. h3 O-O 10. Nd2 Qc7 11. Kh2 a6 12. N2f3 Rab8 13. Qc1 e5 14. Nc2 Ne8 15.
Bh6 f5 16. Bxg7 Kxg7 17. e3 Nd8 18. Nb4 Nf6 19. Rd1 Nf7 20. Qd2 Be6 21. Ng1
Rfd8 22. Nd5 Bxd5 23. Bxd5 Nxd5 24. Qxd5 Qc6 25. h4 Kf6 26. f3 Rbc8 27. g4 Qxd5
28. Rxd5 Rc5 29. Rad1 Rxd5 30. Rxd5 Rc8 31. g5+ Ke6 32. Rd2 d5 33. Kg2 Nd6 34.
Nh3 Nc4 35. Re2 Rc5 36. Nf2 Rb5 37. Nd1 Rb6 38. Rc2 a5 39. a3 a4 40. Re2 Rc6
41. Kf1 Nd6 42. Nf2 Rc4 43. f4 Ne4 44. Nxe4 dxe4 45. Kf2 Rc6 46. Rd2 Rd6 47.
Re2 Rd1 48. Rc2 exf4 49. exf4 Kd5 50. Ke2 Rd3 51. Rc1 Kc4 52. Rh1 Kb3 53. h5 b5
54. hxg6 hxg6 55. Rh7 Kxb2 56. Rb7 Kxa3 57. Rxb5 Rxc3 0-1

[Event "29. Torneo Collado Villalba 2012 - B"]
[Site "Collado Villalba ESP"]
[Date "2012.08.26"]
[Round "3.12"]
[White "Plazuelo Pascual, Juan"]
[Black "Sanchez Ruiz, Piedad Esmeralda"]
[Result "1-0"]
[WhiteElo "1721"]
[BlackElo "1850"]
[PlyCount "69"]
[EventDate "2012.08.24"]
[EventType "swiss"]
[EventRounds "9"]
[EventCountry "ESP"]
[Source "lmi"]
[SourceDate "2012.08.24"]

1. e4 c5 2. Nf3 e6 3. d4 cxd4 4. Nxd4 a6 5. Nc3 Qc7 6. Bd3 Bc5 7. Be3 Qb6 8.
Na4 Qa5+ 9. c3 Ba7 10. b4 Qc7 11. Qd2 Nf6 12. O-O b5 13. Nb2 Bb7 14. f3 d5 15.
exd5 Bxd5 16. a4 bxa4 17. c4 Bb7 18. Rxa4 O-O 19. Rfa1 Nbd7 20. c5 Bb8 21. g3
Ne5 22. Bxa6 Bxf3 23. Bf4 Rd8 24. Bxe5 Qxe5 25. Nxf3 Rxd2 26. Nxe5 Bxe5 27. Nc4
Bd4+ 28. Kh1 Bxa1 29. Nxd2 Bc3 30. Nc4 Nd5 31. b5 Rb8 32. Na5 Kf8 33. Nc6 Ra8
34. b6 f6 35. b7 1-0

[Event "29. Torneo Collado Villalba 2012 - B"]
[Site "Collado Villalba ESP"]
[Date "2012.08.26"]
[Round "3.14"]
[White "Leniz Martinez, Francisco"]
[Black "Mataix Fernandez, Ricardo"]
[Result "1-0"]
[WhiteElo "1834"]
[BlackElo "1706"]
[PlyCount "85"]
[EventDate "2012.08.24"]
[EventType "swiss"]
[EventRounds "9"]
[EventCountry "ESP"]
[Source "lmi"]
[SourceDate "2012.08.24"]

1. e4 g6 2. d4 Bg7 3. Nf3 d6 4. h3 Nf6 5. Nc3 O-O 6. Be2 c6 7. O-O b5 8. a3 a6
9. Be3 Bb7 10. Nd2 Nbd7 11. Bf3 c5 12. e5 Bxf3 13. Nxf3 dxe5 14. dxe5 Ne8 15.
Re1 Nxe5 16. Nxe5 Bxe5 17. Bxc5 Bd6 18. Be3 Nf6 19. Qf3 Rc8 20. Red1 Qc7 21.
Rd2 Be5 22. Bd4 Bxd4 23. Rxd4 Rfd8 24. Rad1 Rxd4 25. Rxd4 Rd8 26. Qd1 Rxd4 27.
Qxd4 Qd6 28. Qxd6 exd6 29. f3 Kf8 30. Kf2 Ke7 31. Ke3 Ke6 32. b3 Nd5+ 33. Nxd5
Kxd5 34. Kd3 Ke5 35. c4 bxc4+ 36. Kxc4 Kf4 37. b4 Kg3 38. a4 Kxg2 39. b5 axb5+
40. axb5 Kxf3 41. b6 Kg3 42. b7 Kxh3 43. b8=Q 1-0

[Event "29. Torneo Collado Villalba 2012 - B"]
[Site "Collado Villalba ESP"]
[Date "2012.08.26"]
[Round "3.15"]
[White "Martinez Belen, Alejandro"]
[Black "Dominguez Coig, Alvaro"]
[Result "1-0"]
[WhiteElo "1779"]
[BlackElo "1689"]
[PlyCount "87"]
[EventDate "2012.08.24"]
[EventType "swiss"]
[EventRounds "9"]
[EventCountry "ESP"]
[Source "lmi"]
[SourceDate "2012.08.24"]

1. d4 Nf6 2. c4 e5 3. dxe5 Ng4 4. Nf3 Nc6 5. Bf4 Bb4+ 6. Nbd2 Qe7 7. e3 Ngxe5
8. Be2 d6 9. O-O Be6 10. b3 O-O 11. h3 Bf5 12. a3 Bc3 13. Ra2 Nd3 14. Bh2 Rfe8
15. Bxd3 Bxd3 16. Re1 Qf6 17. Kh1 Ne5 18. Bxe5 dxe5 19. Rg1 e4 20. Ne1 Qxf2 21.
Nxe4 Qxe3 22. Nxc3 Bxc4 23. bxc4 Qxc3 24. Qd3 Re3 25. Qxc3 Rxc3 26. Nf3 Rxc4
27. Rd1 b5 28. Rad2 Re8 29. Rd7 f6 30. R1d4 Rc1+ 31. Kh2 a5 32. Nd2 c5 33. R4d6
b4 34. Ra7 c4 35. Rdd7 c3 36. Ne4 Rf1 37. Rxg7+ Kh8 38. Rxh7+ Kg8 39. Rag7+ Kf8
40. Nd6 c2 41. Rf7+ Kg8 42. Rhg7+ Kh8 43. Nxe8 c1=Q 44. Rf8# 1-0

[Event "29. Torneo Collado Villalba 2012 - B"]
[Site "Collado Villalba ESP"]
[Date "2012.08.26"]
[Round "3.16"]
[White "Monmeneu Chulia, Vicente Juan"]
[Black "Tome Salvador, Jose Antonio"]
[Result "1-0"]
[WhiteElo "1998"]
[BlackElo "1698"]
[PlyCount "73"]
[EventDate "2012.08.24"]
[EventType "swiss"]
[EventRounds "9"]
[EventCountry "ESP"]
[Source "lmi"]
[SourceDate "2012.08.24"]

1. d4 d5 2. Nf3 Bf5 3. c4 e6 4. Nc3 Nf6 5. Bf4 Bd6 6. Bxd6 Qxd6 7. c5 Qd8 8. e3
h6 9. Qb3 Qc8 10. Qa4+ c6 11. b4 a6 12. Be2 Nbd7 13. Qa5 Qd8 14. Qxd8+ Rxd8 15.
O-O O-O 16. a4 Ra8 17. b5 a5 18. Nh4 Bh7 19. f4 Ne4 20. Nxe4 Bxe4 21. Nf3 f6
22. Nd2 Bg6 23. Bg4 Bf5 24. Bxf5 exf5 25. Rfb1 Rfb8 26. Rb2 Rc8 27. Rab1 Nb8
28. Kf2 g5 29. Kf3 g4+ 30. Ke2 Re8 31. Kf2 Kf7 32. bxc6 bxc6 33. Rb7+ Kg6 34.
R1b6 Rf8 35. Re7 Rf7 36. Re8 Nd7 37. Rxa8 1-0

[Event "29. Torneo Collado Villalba 2012 - B"]
[Site "Collado Villalba ESP"]
[Date "2012.08.26"]
[Round "3.17"]
[White "Montoya Gandia, Manuel"]
[Black "Fernandez Lago, David"]
[Result "1-0"]
[WhiteElo "1690"]
[BlackElo "1976"]
[PlyCount "81"]
[EventDate "2012.08.24"]
[EventType "swiss"]
[EventRounds "9"]
[EventCountry "ESP"]
[Source "lmi"]
[SourceDate "2012.08.24"]

1. d4 Nf6 2. Nf3 c5 3. d5 e6 4. c4 b5 5. e3 Bb7 6. dxe6 fxe6 7. cxb5 d5 8. b3
Bd6 9. Bb2 O-O 10. Nbd2 Qe7 11. Ne5 Nfd7 12. Ndf3 Nxe5 13. Bxe5 Bxe5 14. Nxe5
Qf6 15. f4 d4 16. Ng4 Qf5 17. Bd3 Be4 18. Bxe4 Qxe4 19. O-O dxe3 20. Qf3 Qxf3
21. Rxf3 Nd7 22. Re1 Nf6 23. Nxf6+ Rxf6 24. Rexe3 Rd8 25. Re2 Rd4 26. g3 Rb4
27. a4 g5 28. Re5 gxf4 29. Rxc5 Rg6 30. Rc4 Rxc4 31. bxc4 e5 32. Kf2 Rh6 33. h4
fxg3+ 34. Kxg3 e4 35. Re3 Re6 36. Kf4 Rh6 37. Kg5 Re6 38. h5 Re5+ 39. Kf6 Rxh5
40. Rxe4 Rc5 41. Re8# 1-0

[Event "29. Torneo Collado Villalba 2012 - B"]
[Site "Collado Villalba ESP"]
[Date "2012.08.26"]
[Round "3.18"]
[White "Movilla Calleja, David"]
[Black "Perez Perez, Elena"]
[Result "1/2-1/2"]
[WhiteElo "1864"]
[BlackElo "1678"]
[PlyCount "99"]
[EventDate "2012.08.24"]
[EventType "swiss"]
[EventRounds "9"]
[EventCountry "ESP"]
[Source "lmi"]
[SourceDate "2012.08.24"]

1. g3 e5 2. Bg2 Nf6 3. c4 Nc6 4. Nc3 Bc5 5. d3 d6 6. Nf3 Bd7 7. O-O a6 8. Bg5
h6 9. Bd2 Qc8 10. b3 Bh3 11. Rb1 Bxg2 12. Kxg2 O-O 13. Qc1 Kh7 14. Qc2 Kg8 15.
Qc1 Kh7 16. a3 Qe6 17. b4 Ba7 18. a4 e4 19. dxe4 Qxc4 20. Qc2 Ne5 21. Ne1 Kg8
22. f4 Neg4 23. Rf3 h5 24. h3 Nh6 25. Qd3 Qd4 26. Be3 Qxd3 27. exd3 Bxe3 28.
Rxe3 Rfe8 29. Nf3 Kf8 30. Re2 Nhg8 31. Rbe1 Re7 32. e5 dxe5 33. fxe5 Nh7 34.
Kf1 Rd8 35. d4 Nh6 36. Rd1 Nf5 37. Kf2 g5 38. g4 hxg4 39. hxg4 Ng7 40. Red2 c6
41. b5 Red7 42. bxa6 bxa6 43. Ne4 Ne6 44. Nc5 Nxc5 45. dxc5 Rxd2+ 46. Rxd2
Rxd2+ 47. Nxd2 Ke7 48. Ke3 Ke6 49. Ke4 f6 50. Nc4 1/2-1/2

[Event "29. Torneo Collado Villalba 2012 - B"]
[Site "Collado Villalba ESP"]
[Date "2012.08.26"]
[Round "3.19"]
[White "Marcelo De La Mata, Daniel"]
[Black "Suarez Paz, Alfonso"]
[Result "1/2-1/2"]
[WhiteElo "1687"]
[BlackElo "1857"]
[PlyCount "64"]
[EventDate "2012.08.24"]
[EventType "swiss"]
[EventRounds "9"]
[EventCountry "ESP"]
[Source "lmi"]
[SourceDate "2012.08.24"]

1. Nf3 Nf6 2. d4 d5 3. Bg5 e6 4. Nbd2 Be7 5. e3 Nbd7 6. Bd3 c5 7. c3 b6 8. O-O
Bb7 9. Ne5 Nxe5 10. dxe5 Ne4 11. Bxe7 Qxe7 12. Bb5+ Kf8 13. Nxe4 dxe4 14. Qa4
a6 15. Bc6 Qc7 16. Bxe4 b5 17. Qc2 Ke7 18. Rad1 Rad8 19. Bxb7 Qxb7 20. f4 g6
21. Qf2 Qc7 22. Qh4+ Ke8 23. Qf6 Rg8 24. e4 c4 25. Kf2 Qc5+ 26. Kf3 Rd3+ 27.
Rxd3 cxd3 28. Rf2 h5 29. Rd2 Qg1 30. h3 Qe1 31. Rxd3 Qf1+ 32. Ke3 Qe1+ 1/2-1/2

[Event "29. Torneo Collado Villalba 2012 - B"]
[Site "Collado Villalba ESP"]
[Date "2012.08.26"]
[Round "3.20"]
[White "Perez Alvarez, Javier"]
[Black "Martinez Martinez, Antonio"]
[Result "1-0"]
[WhiteElo "1834"]
[BlackElo "1667"]
[PlyCount "77"]
[EventDate "2012.08.24"]
[EventType "swiss"]
[EventRounds "9"]
[EventCountry "ESP"]
[Source "lmi"]
[SourceDate "2012.08.24"]

1. e4 g6 2. d4 d6 3. Nc3 c6 4. Be3 Bg7 5. Qd2 Nf6 6. f3 Nbd7 7. g4 e5 8. Nge2
Nb6 9. Ng3 exd4 10. Bxd4 Qe7 11. g5 h5 12. Bxf6 Bxf6 13. gxf6 Qxf6 14. O-O-O h4
15. e5 dxe5 16. Nge4 Qe7 17. Nd6+ Kf8 18. f4 Bg4 19. Be2 Bxe2 20. Qxe2 exf4 21.
Qxe7+ Kxe7 22. Rhe1+ Kf6 23. Nce4+ Kg7 24. Ng5 f6 25. Re7+ Kh6 26. Ngf7+ Kh5
27. Nxh8 Rxh8 28. c4 Rd8 29. h3 g5 30. b3 Kg6 31. Ne4 Rxd1+ 32. Kxd1 f5 33. Nf2
Kf6 34. Rxb7 Nc8 35. Rc7 Ne7 36. Rxa7 Ng6 37. Rh7 Ne5 38. Rh6+ Kg7 39. Re6 1-0

[Event "29. Torneo Collado Villalba 2012 - B"]
[Site "Collado Villalba ESP"]
[Date "2012.08.26"]
[Round "3.21"]
[White "De Dompablo Fantova, Juan"]
[Black "De Vega Fernandez, Francisco J."]
[Result "1-0"]
[WhiteElo "1669"]
[BlackElo "1814"]
[PlyCount "71"]
[EventDate "2012.08.24"]
[EventType "swiss"]
[EventRounds "9"]
[EventCountry "ESP"]
[Source "lmi"]
[SourceDate "2012.08.24"]

1. e4 c5 2. d4 cxd4 3. Qxd4 Nc6 4. Qa4 g6 5. Nf3 Nf6 6. Be2 Bg7 7. O-O O-O 8.
c3 d6 9. Bg5 h6 10. Bh4 g5 11. Bg3 Nh5 12. Nbd2 Nxg3 13. hxg3 Bd7 14. Qc2 Rc8
15. Qd1 a6 16. Nh2 b5 17. Kh1 f5 18. exf5 Bxf5 19. Bg4 Qd7 20. Qb3+ Kh8 21.
Bxf5 Qxf5 22. Rae1 Rce8 23. Ndf3 Ne5 24. Nxe5 Bxe5 25. Nf3 Bg7 26. Nd4 Bxd4 27.
cxd4 Qc8 28. Re6 Rf6 29. Rfe1 Rxe6 30. Rxe6 Kg7 31. Qd5 Qc4 32. Qe4 Qf1+ 33.
Kh2 Qxf2 34. Qg6+ Kf8 35. Qxh6+ Kg8 36. Rg6+ 1-0

[Event "29. Torneo Collado Villalba 2012 - B"]
[Site "Collado Villalba ESP"]
[Date "2012.08.26"]
[Round "3.22"]
[White "Rodriguez Bachiller, Luis"]
[Black "Palenciano Escolar, Adrian"]
[Result "0-1"]
[WhiteElo "1813"]
[BlackElo "1640"]
[PlyCount "130"]
[EventDate "2012.08.24"]
[EventType "swiss"]
[EventRounds "9"]
[EventCountry "ESP"]
[Source "lmi"]
[SourceDate "2012.08.24"]

1. e4 c5 2. Nf3 d6 3. d4 cxd4 4. Nxd4 Nf6 5. Nc3 a6 6. Be2 e5 7. Nf3 h6 8. O-O
Be6 9. h3 b5 10. a3 Be7 11. Be3 O-O 12. Qd2 Nbd7 13. Rad1 Nb6 14. Qc1 Qc7 15.
Rd2 Rac8 16. Rfd1 Nc4 17. Bxc4 Qxc4 18. Nd5 Nxd5 19. exd5 Bf5 20. c3 a5 21. Bb6
Bd8 22. Bxd8 Rfxd8 23. Qa1 Ra8 24. Ne1 b4 25. cxb4 axb4 26. Rc1 Qf4 27. Rcd1
bxa3 28. bxa3 Qa4 29. Ra2 Qb3 30. a4 Ra5 31. Ra3 Qc4 32. Qa2 Qxa2 33. Rxa2 Rda8
34. f4 exf4 35. Rd4 Bd7 36. Nd3 Rxa4 37. Raxa4 Rxa4 38. Rxa4 Bxa4 39. Nxf4 Bb3
40. h4 g5 41. hxg5 hxg5 42. Nh5 f5 43. Kf2 Kf7 44. Ng3 Kf6 45. Nf1 Bxd5 46. Ne3
Bb3 47. g3 Ke5 48. Ke2 d5 49. Kd2 d4 50. Ng2 Ke4 51. Ne1 Bc4 52. Nc2 Bb5 53.
Ne1 d3 54. Ng2 Kf3 55. Ne3 Bd7 56. Kxd3 Kxg3 57. Nd5 Kf3 58. Kd2 Kf2 59. Nc3 g4
60. Nd1+ Kf3 61. Ke1 Bb5 62. Nf2 g3 63. Nh3 g2 64. Ng1+ Kg3 65. Kd2 f4 0-1